All time favourite tales (Record no. 13367)

MARC details
000 -LEADER
fixed length control field 00717nam a22002417a 4500
005 - DATE AND TIME OF LATEST TRANSACTION
control field 20080606130124.0
006 - FIXED-LENGTH DATA ELEMENTS--ADDITIONAL MATERIAL CHARACTERISTICS--GENERAL INFORMATION
fixed length control field a|||||r|||||00| 1b
007 - PHYSICAL DESCRIPTION FIXED FIELD--GENERAL INFORMATION
fixed length control field ta
008 - FIXED-LENGTH DATA ELEMENTS--GENERAL INFORMATION
fixed length control field 080606t xxu||||| |||| 00| 0 eng d
020 ## - INTERNATIONAL STANDARD BOOK NUMBER
International Standard Book Number 8179631591
Terms of availability 250.00
040 ## - CATALOGING SOURCE
Original cataloging agency DPL
Language of cataloging EN
082 ## - DEWEY DECIMAL CLASSIFICATION NUMBER
Classification number / ALL
245 ## - TITLE STATEMENT
Title All time favourite tales
260 ## - PUBLICATION, DISTRIBUTION, ETC. (IMPRINT)
Place of publication, distribution, etc New Delhi
Name of publisher, distributor, etc Sterling Publishers
Date of publication, distribution, etc 2006
260 ## - PUBLICATION, DISTRIBUTION, ETC. (IMPRINT)
Name of publisher, distributor, etc Blue Berry (Vender)
300 ## - PHYSICAL DESCRIPTION
Extent unpaged
Other physical details col. ill.
Dimensions 26cm (Hb)
700 ## - ADDED ENTRY--PERSONAL NAME
Personal name Sahgal, Bittu
700 ## - ADDED ENTRY--PERSONAL NAME
Personal name Sam, D.S.
700 ## - ADDED ENTRY--PERSONAL NAME
Personal name Sultan Ahmad
700 ## - ADDED ENTRY--PERSONAL NAME
Personal name Sam, D.S.
942 ## - ADDED ENTRY ELEMENTS (KOHA)
Source of classification or shelving scheme Dewey Decimal Classification
Koha item type Children Books
Classification part / ALL
Holdings
Withdrawn status Lost status Damaged status Not for loan Collection code Home library Current library Date acquired Cost, normal purchase price Total Checkouts Full call number Barcode Date last seen Cost, replacement price Price effective from Koha item type
        Fiction Andrews Gunj Andrews Gunj 06/06/2008 250.00   / ALL 233 15/09/2008 250.00 15/09/2008 Children Books

© Delhi Public Library
Hit Counter
free hit counter